000 00867nam a2200253Ia 4500
003 OSt
005 20220923213021.0
006 a|||||r|||| 00| 0
007 ta
008 220922b |||||||| |||| 00| 0 hin d
024 _a158,358
037 _cTextual
040 _aARTS
_cARTS
_bhin
041 _2hin
_ahin
082 _aO152,1xN3, K9
100 _aस्नातक, विजयेन्द्र, संपा.
_9156505
245 0 _aकाव्य पारिजात
246 _aKāvya pārijāta
260 _aदिल्ली
_b नेशनल पब्लिशिंग हाऊस
_c1969
300 _a168पृ.
_ccm.
650 _aहिन्दी साहित्य
_9156264
942 _hO152,1xN3, K9
_cTEXL
_2CC
999 _c313157
_d313157